LIBRARY & INFORMATION CENTRE, KCAET, TAVANUR

ONLINE PUBLIC ACCESS CATALOGUE (OPAC)

Thyaga devatha / (Record no. 7236)

MARC details
000 -LEADER
fixed length control field 00305cam a2200133ua 4500
041 ## - LANGUAGE CODE
Language code of text/sound track or separate title mal
082 ## - DEWEY DECIMAL CLASSIFICATION NUMBER
Classification number 894.812 301
Item number SAN/TH
100 ## - MAIN ENTRY--AUTHOR NAME
Personal name Sankaran, Thayad .
245 ## - TITLE STATEMENT
Title Thyaga devatha /
300 ## - PHYSICAL DESCRIPTION
Number of Pages 118 ; .
942 ## - ADDED ENTRY ELEMENTS (KOHA)
Koha item type Books
Holdings
Withdrawn status Lost status Damaged status Home library Current library Date acquired Full call number Accession Number Koha item type
Withdrawn     KAUAET Sanskrit University 07/04/2012 894.812 301 4653 Books
free website counter